| 000 | 00919nam0a22002651 4500 | ||
|---|---|---|---|
| 001 | RU\INFOCOMM_322\NLR\5000208837 | ||
| 005 | 20250613111732.0 | ||
| 035 | _a(NLR Aleph) 009594309 | ||
| 090 |
_a9270175 _c9270175 |
||
| 100 | _a20130304d1930 |||y0rusy50 ca | ||
| 101 | 0 | _ager | |
| 102 | _aRU | ||
| 105 | _ay z ||||| | ||
| 200 | 1 |
_aDer Parteitag des sozialistischen Vormarsches auf der ganzen Front _eErgebnisse des 16. Parteitages der Kommunistischen Partei der Sowjetunion |
|
| 210 |
_aM. [u. a.] _cZentralverl., Allukrainische Abt. _d1930 |
||
| 215 |
_a110 с. _d18 см |
||
| 300 | _aНа 4-й с. обл.: А. Мюллер. Итоги XVI партсъезда ВКП(б) | ||
| 620 | _aМосква | ||
| 686 |
_aКП3-120(16п/съезд) _2rubbk |
||
| 700 | 1 |
_aMüller _bA. _gAlexander |
|
| 801 | 1 |
_aRU _bInfocomm _c20130304 |
|
| 801 | 0 |
_aRU _bINFOCOMM _gPSBO |
|
| 852 |
_aNLR _jЕ-1/155 |
||
| 942 | _cBOOK | ||
| 980 | _aNB | ||